Women and development : (Record no. 1589)

MARC details
000 -LEADER
fixed length control field 008090000a22002170004500
003 - CONTROL NUMBER IDENTIFIER
control field LK-CoMWRAF
008 - FIXED-LENGTH DATA ELEMENTS--GENERAL INFORMATION
fixed length control field 230817t1979 ||||| |||| 00| 0 eng d
040 ## - CATALOGING SOURCE
Original cataloging agency LK-CoMWRAF
Modifying agency LK-CoMWRAF
Description conventions LK-CoMWRAF
041 ## - LANGUAGE CODE
Language code of text/sound track or separate title English
082 ## - DEWEY DECIMAL CLASSIFICATION NUMBER
Classification number 305.42
Item number WOM
942 ## - ADDED ENTRY ELEMENTS (KOHA)
Koha item type Conference Proceeding
111 ## - MAIN ENTRY--MEETING NAME
Meeting name or jurisdiction name as entry element THE REGIONAL SEMINAR ON' WOMEN AND DEVELOPMENT'
Location of meeting (Dacca, Bangladesh
Date of meeting March 1977)
700 ## - ADDED ENTRY--PERSONAL NAME
Personal name Rounaq, Jahan
relator term editor
700 ## - ADDED ENTRY--PERSONAL NAME
Personal name Papanek, Hanna
relator term editor
245 ## - TITLE STATEMENT
Title Women and development :
Remainder of title perspectives from South and Southeast Asia
260 ## - PUBLICATION, DISTRIBUTION, ETC. (IMPRINT)
Place of publication, distribution, etc. Dacca:
Name of publisher, distributor, etc. Bangladesh Institute of Law and International Affairs,
Date of publication, distribution, etc. 1979
300 ## - PHYSICAL DESCRIPTION
Extent xi, 439 p. ; 22 cm.
650 ## - SUBJECT ADDED ENTRY--TOPICAL TERM
Topical term or geographic name as entry element Women in economic development--South Asia
650 ## - SUBJECT ADDED ENTRY--TOPICAL TERM
Topical term or geographic name as entry element Women in economic development--Southeast Asia
650 ## - SUBJECT ADDED ENTRY--TOPICAL TERM
Topical term or geographic name as entry element Economic development--Social aspects--Congresses.
Holdings
Withdrawn status Lost status Damaged status Not for loan Permanent Location Current Location Date acquired Full call number Barcode Koha item type
        Resource center, Muslim Women's Research And Action Forum Resource center, Muslim Women's Research And Action Forum 2023-08-17 305.42 WOM RAF3104 Conference Proceeding
        Resource center, Muslim Women's Research And Action Forum Resource center, Muslim Women's Research And Action Forum 2023-11-20 305.42 WOM RAF3105 Conference Proceeding

Copyright © 2023 Muslim Women's Research and Action Forum (MWRAF), No 27/3, Anderson Road, Kalubowila, Dehiwela. Funded by The Asia Fundation